000 00273nam a22001337a 4500
008 170919b xxu||||| |||| 00| 0 eng d
020 _a0300025602
041 _aeng
080 _a7
100 _a44
101 _aART
245 _aSPACES
_cGREENBIE,B,B
942 _2udc
_cBK
999 _c28328
_d28328